BIBLIOTECA

SENCICO

Logos : (Registro nro. 265)

Detalles MARC
000 -LEADER
fixed length control field 00839nam a2200229Ia 4500
003 - CONTROL NUMBER IDENTIFIER
control field PE SENCICO BE
005 - DATE AND TIME OF LATEST TRANSACTION
control field 20251020182431.0
008 - FIXED-LENGTH DATA ELEMENTS--GENERAL INFORMATION
fixed length control field 200515s9999 xx 000 0 und d
020 ## - INTERNATIONAL STANDARD BOOK NUMBER
International Standard Book Number 970-10-2434-6
040 ## - CATALOGING SOURCE
Original cataloging agency PE SENCICO BE
Transcribing agency PE SENCICO BE
041 ## - LANGUAGE CODE
Language code of text/sound track or separate title spa
082 ## - DEWEY DECIMAL CLASSIFICATION NUMBER
Classification number 741.6
Item number L8
100 1# - MAIN ENTRY--PERSONAL NAME
Personal name Lloyd Morgan, Conway
9 (RLIN) 2600
Relator term autor
245 10 - TITLE STATEMENT
Title Logos :
Remainder of title logotipos, identidad, marca, cultura /
Statement of responsibility, etc. Conway Lloyd Morgan
260 ## - PUBLICATION, DISTRIBUTION, ETC.
Place of publication, distribution, etc. México, D.F. :
Name of publisher, distributor, etc. McGraw-Hill ;
Date of publication, distribution, etc. 1999
300 ## - PHYSICAL DESCRIPTION
Extent 160 p. :
Other physical details il. col., lams. ;
Dimensions 26 cm.
505 0# - FORMATTED CONTENTS NOTE
Formatted contents note ¿Que es un logotipo? -- ¿Que es una identidad corporativa? -- ¿Que es una marca? -- ¿Que son la cultura corporativa y la cultura de marca?
650 10 - SUBJECT ADDED ENTRY--TOPICAL TERM
Topical term or geographic name entry element Imagen corporativa
9 (RLIN) 1964
650 20 - SUBJECT ADDED ENTRY--TOPICAL TERM
Topical term or geographic name entry element Logotipos (Símbolos)
9 (RLIN) 474
650 20 - SUBJECT ADDED ENTRY--TOPICAL TERM
Topical term or geographic name entry element Cultura organizacional
9 (RLIN) 1395
942 ## - ADDED ENTRY ELEMENTS (KOHA)
Koha item type Libros
Source of classification or shelving scheme Dewey Decimal Classification
Existencias
Fecha de la última vez que lo usaron Número de ingreso o de inventario Pago total Signatura topográfica completa Código de barras Precio efectivo desde Tipo de documento Estado perdido Sistema de clasificación Estado dañado No es para préstamo Retirado Ubicación permanente Ubicación actual Fecha de adquisición
15/05/2020 12036   741.67/L8 BibLima24100019 15/05/2020 Libros   Dewey Decimal Classification       Biblioteca Central Lima Biblioteca Central Lima 15/05/2020